| 000 | 00618nam a2200241 a 4500 | ||
|---|---|---|---|
| 999 |
_c4867 _d4867 |
||
| 001 | 4867 | ||
| 003 | BD-JhCC | ||
| 005 | 20221025134021.0 | ||
| 008 | 031201s20032001stk 000 1 eng d | ||
| 020 | _a184195392x | ||
| 020 | _a9781841953922 | ||
| 035 | _a(BD-JhCC)4867 | ||
| 040 |
_aED/N-1 _dBD-JhCC |
||
| 041 | _aeng | ||
| 082 |
_a813.54 _bMAR 2001 |
||
| 100 | 1 | _aMartel, Yann. | |
| 245 | 1 | 0 |
_aLife of Pi : _ba novel / _cYann Martel |
| 260 |
_aEdinburgh : _bCanongate, _c2003, c2001 |
||
| 300 |
_axiv, 319 p. ; _c20 cm |
||
| 500 | _aPreviously published: 2002 | ||
| 650 | _aAnimal fiction | ||
| 942 |
_2ddc _cBK _08 |
||